000 01976cam a2200313 a 4500
001 16475614
005 20110210121656.0
008 100924s2010 maua b 001 0 eng
010 _a 2010037601
020 _a0123821940
020 _a9780123821942
040 _aDLC
_cDLC
_dDLC
042 _apcc
050 0 0 _aTK5103.2
_b.M564 2011
082 0 0 _a621.384
_222
_bMIM
245 0 0 _aMIMO :
_bFrom Theory to Implementation /
_c[edited by] Alain Sibille, Claude Oestges, Alberto Zanella.
260 _aBurlington, MA :
_bAcademic Press/Elsevier, 2011
_c2011.
300 _axxiv, 360 p. :
_bill. ;
_c25 cm.
504 _aIncludes bibliographical references (p. 331-356) and index.
520 _a"Multiple Input-Multiple Output (MIMO) techniques were developed about a decade ago and have steadily invaded all aspects of wireless communications. The techniques promise to deliver vast improvements in radio network capacity, throughput and robustness - hugely important issues for wireless operators and manufacturers who are looking at an estimated 600 million mobile broadband users by 2011 (Cartagena). You'll find a 'one-stop-shop' resource for anyone needing to know what MIMO is and how it will be incorporated into future wireless system design. Professionals needing to bring their knowledge up to speed will find a comprehensive and up-to-date description of the underlying theory along with practical guidance on how the fundamental algorithms can be made to work in tomorrow's communication systems"--
650 0 _aMIMO systems.
_923368
653 _bEle
_cApril2011
700 1 _aSibille, Alain.
_923369
700 1 _aOestges, Claude.
_923370
700 1 _aZanella, Alberto.
_923371
942 _2ddc
_cBB
999 _c15187
_d15187